[Event "GER-chT U16"]
[Site "Magdeburg"]
[Date "2023.12.28"]
[Round "3.4"]
[White "Ermitsch, Magnus"]
[Black "Winkler, Yonathan"]
[Result "1-0"]
[WhiteElo "2273"]
[BlackElo "1972"]
[PlyCount "47"]
[EventDate "2023.12.26"]
[EventType "team-swiss"]
[EventRounds "7"]
[EventCountry "GER"]
[SourceTitle "CB03_2024"]
[SourceDate "2024.01.17"]
[SourceVersion "1"]
[SourceVersionDate "2024.01.17"]
[SourceQuality "1"]
[WhiteTeam "Kiel Doppelbauer"]
[BlackTeam "Bielefeld"]
[WhiteTeamCountry "GER"]
[BlackTeamCountry "GER"]

1. e4 c5 2. Nf3 a6 3. c4 Nc6 4. d4 cxd4 5. Nxd4 e5 6. Nf5 d5 7. cxd5 Bxf5 8. exf5 Nd4 9. Bd3 Nf6 10. Nc3 Be7 11. 0-0 0-0 12. Re1 Nxd5 13. Nxd5 Qxd5 14. Be4 Qd6 15. Be3 Rfd8 16. Bxd4 exd4 17. Bxb7 Rab8 18. Bxa6 Qxa6 19. Rxe7 Qf6 20. Re2 d3 21. Rd2 Rxb2 22. Rxd3 Rxd3 23. Qxd3 Rd2 24. Re1 1-0

[Event "Wch U14"]
[Site "Montesilvano"]
[Date "2023.11.21"]
[Round "8"]
[White "Banh, Gia Huy"]
[Black "Ermitsch, Magnus"]
[Result "1/2-1/2"]
[WhiteElo "2397"]
[BlackElo "2206"]
[PlyCount "81"]
[EventDate "2023.11.13"]
[EventType "swiss"]
[EventRounds "11"]
[EventCountry "ITA"]
[SourceTitle "CB48_2023"]
[SourceDate "2023.11.29"]
[SourceVersion "1"]
[SourceVersionDate "2023.11.29"]
[SourceQuality "1"]

1. d4 d5 2. Nf3 Nf6 3. Bf4 e6 4. e3 Bd6 5. Nbd2 0-0 6. c3 c5 7. Bd3 Bxf4 8. exf4 Qc7 9. g3 c4 10. Bc2 b5 11. Ne5 Bb7 12. Qf3 Nfd7 13. 0-0 Nc6 14. Rfe1 Rae8 15. Qh5 g6 16. Qh6 Nb6 17. Re3 f6 18. Nxc6 Bxc6 19. Rae1 Qf7 20. h4 Bd7 21. h5 Qg7 22. Qxg7+ Kxg7 23. Nf3 Rg8 24. Kg2 a5 25. Rh1 Na4 26. Bxa4 bxa4 27. h6+ Kf7 28. a3 Rb8 29. Re2 Rb3 30. Rd1 Rgb8 31. Rdd2 Be8 32. g4 Bd7 33. Kg3 R3b6 34. g5 f5 35. Ne5+ Ke7 36. Kg2 Be8 37. Kf1 R8b7 38. Ke1 Rb8 39. Kd1 R8b7 40. Kc1 Rb8 41. Re3 1/2-1/2

[Event "World ol U16"]
[Site "Eindhoven"]
[Date "2023.08.17"]
[Round "8.14"]
[White "Ermitsch, Magnus"]
[Black "He, Matthew"]
[Result "1-0"]
[WhiteElo "2221"]
[BlackElo "1839"]
[PlyCount "93"]
[EventDate "2023.08.13"]
[EventType "team-swiss"]
[EventRounds "9"]
[EventCountry "NED"]
[SourceTitle "CBM 215 Extra"]
[Source "ChessBase"]
[SourceDate "2023.09.30"]
[SourceVersion "1"]
[SourceVersionDate "2023.09.30"]
[SourceQuality "1"]
[WhiteTeam "Germany"]
[BlackTeam "Canada III"]
[WhiteTeamCountry "GER"]
[BlackTeamCountry "CAN"]

1. e4 c6 2. Nc3 d5 3. Nf3 dxe4 4. Nxe4 Nf6 5. Qe2 Nxe4 6. Qxe4 Nd7 7. Bc4 Nf6 8. Ne5 e6 9. Qe2 Bd6 10. d4 Qc7 11. 0-0 0-0 12. c3 b5 13. Bd3 Bb7 14. Bf4 a6 15. Rad1 Rad8 16. Bg5 Be7 17. f4 h6 18. Bxf6 Bxf6 19. Ng4 Qe7 20. b4 a5 21. a3 axb4 22. axb4 c5 23. bxc5 b4 24. Nxf6+ Qxf6 25. Qb2 bxc3 26. Qxb7 Qxd4+ 27. Kh1 Qxc5 28. Qe4 g6 29. Rc1 Rd4 30. Qe3 Rc8 31. Be2 Qb4 32. h3 c2 33. Qf2 Rd2 34. Qe1 Qd4 35. Bf3 Rb8 36. Qe5 Qb4 37. Qc7 Qb1 38. Be4 Rd1 39. Kh2 Rxf1 40. Rxf1 c1Q 41. Rxc1 Qb4 42. Bf3 Kg7 43. Qe5+ Kh7 44. Rc7 Kg8 45. Bg4 Qb6 46. Re7 Rf8 47. Bxe6 1-0

[Event "World ol U16"]
[Site "Eindhoven"]
[Date "2023.08.14"]
[Round "3.11"]
[White "Ermitsch, Magnus"]
[Black "Olenik Campa, Rudi"]
[Result "1/2-1/2"]
[WhiteElo "2221"]
[BlackElo "2298"]
[PlyCount "50"]
[EventDate "2023.08.13"]
[EventType "team-swiss"]
[EventRounds "9"]
[EventCountry "NED"]
[SourceTitle "CBM 215 Extra"]
[Source "ChessBase"]
[SourceDate "2023.09.30"]
[SourceVersion "1"]
[SourceVersionDate "2023.09.30"]
[SourceQuality "1"]
[WhiteTeam "Germany"]
[BlackTeam "Slovenia"]
[WhiteTeamCountry "GER"]
[BlackTeamCountry "SLO"]

1. e4 e6 2. d4 d5 3. Nc3 Nf6 4. e5 Nfd7 5. Nce2 c5 6. c3 cxd4 7. cxd4 f6 8. f4 fxe5 9. fxe5 Qh4+ 10. Ng3 Bb4+ 11. Kf2 0-0+ 12. Nf3 Nc6 13. Be3 Ba5 14. Kg1 Rxf3 15. gxf3 Bb6 16. f4 g5 17. Qh5 Qxh5 18. Nxh5 gxf4 19. Nxf4 Nxd4 20. Bh3 Nxe5 21. Kg2 Ne2 22. Nxe2 Bxe3 23. Rhf1 Ng6 24. Rad1 Bd7 25. Rd3 d4 1/2-1/2

[Event "World ol U16"]
[Site "Eindhoven"]
[Date "2023.08.13"]
[Round "1.13"]
[White "Ermitsch, Magnus"]
[Black "Zaccaria, Noa"]
[Result "1-0"]
[WhiteElo "2221"]
[BlackElo "1690"]
[PlyCount "40"]
[EventDate "2023.08.13"]
[EventType "team-swiss"]
[EventRounds "9"]
[EventCountry "NED"]
[SourceTitle "CBM 215 Extra"]
[Source "ChessBase"]
[SourceDate "2023.09.30"]
[SourceVersion "1"]
[SourceVersionDate "2023.09.30"]
[SourceQuality "1"]
[WhiteTeam "Germany"]
[BlackTeam "Luxembourg"]
[WhiteTeamCountry "GER"]
[BlackTeamCountry "LUX"]

1. e4 c6 2. Nf3 d5 3. Nc3 Bg4 4. h3 Bxf3 5. Qxf3 e6 6. Be2 Nf6 7. d3 Nbd7 8. 0-0 Bb4 9. Kh1 Bxc3 10. bxc3 dxe4 11. dxe4 0-0 12. Ba3 Re8 13. Rfd1 Qa5 14. Bd6 Rad8 15. Rab1 b6 16. Qe3 e5 17. Bc4 c5 18. Bb5 Rc8 19. Qe2 Qxc3 20. Ba6 Ra8 1-0

[Event "Ceske Budejovice IM"]
[Site "Ceske Budejovice"]
[Date "2023.07.04"]
[Round "4"]
[White "Ermitsch, Magnus"]
[Black "Mirzoev, Azer"]
[Result "0-1"]
[WhiteElo "2232"]
[BlackElo "2395"]
[PlyCount "87"]
[EventDate "2023.07.01"]
[EventType "tourn"]
[EventRounds "9"]
[EventCountry "CZE"]
[EventCategory "2"]
[SourceTitle "CBM 215 Extra"]
[Source "ChessBase"]
[SourceDate "2023.09.30"]
[SourceVersion "1"]
[SourceVersionDate "2023.09.30"]
[SourceQuality "1"]

1. e4 e5 2. Nf3 Nc6 3. Bb5 Nf6 4. 0-0 d6 5. d4 Bd7 6. c3 Be7 7. Re1 0-0 8. h3 a6 9. Ba4 Re8 10. Nbd2 Bf8 11. Bc2 g6 12. Nf1 Bg7 13. Ng3 b5 14. Be3 Qc8 15. Qd2 Na5 16. b3 c5 17. d5 Nb7 18. Bh6 Qd8 19. Nh4 Bxh6 20. Qxh6 Kh8 21. Nf3 Ng8 22. Qe3 Kg7 23. Nd2 Qh4 24. Rf1 Qf4 25. Qd3 Qg5 26. Ne2 Bxh3 27. Qxh3 Qxd2 28. Bd3 Qh6 29. Qd7 Re7 30. Qc6 Nf6 31. a4 Ng4 32. Rfd1 c4 33. bxc4 bxc4 34. Bc2 Qh2+ 35. Kf1 Qh1+ 36. Ng1 Nh2+ 37. Ke2 Qxg2 38. Rab1 Ra7 39. Qxc4 Nc5 40. Rb6 Ng4 41. Rf1 Rab7 42. a5 Rxb6 43. axb6 Rb7 44. Qb4 0-1

[Event "GER-ch U14"]
[Site "Willingen"]
[Date "2023.06.03"]
[Round "9"]
[White "Haug, Havard"]
[Black "Ermitsch, Magnus"]
[Result "1-0"]
[WhiteElo "2202"]
[BlackElo "2275"]
[PlyCount "63"]
[EventDate "2023.05.27"]
[EventType "swiss"]
[EventRounds "9"]
[EventCountry "GER"]
[SourceTitle "CBM 214 Extra"]
[Source "ChessBase"]
[SourceDate "2023.07.31"]
[SourceVersion "1"]
[SourceVersionDate "2023.07.31"]
[SourceQuality "1"]

1. e4 c5 2. c3 Nf6 3. e5 Nd5 4. Nf3 e6 5. d4 cxd4 6. cxd4 d6 7. Bc4 Be7 8. 0-0 0-0 9. Qe2 b6 10. Rd1 Bb7 11. Bxd5 exd5 12. Nc3 Na6 13. Bf4 Nc7 14. exd6 Bxd6 15. Bxd6 Qxd6 16. Qe5 Qd8 17. Re1 Ne6 18. h4 h6 19. Rac1 Ba6 20. Qxd5 Nf4 21. Qxd8 Rfxd8 22. Re3 Nd3 23. Rc2 g5 24. hxg5 hxg5 25. Nxg5 Rxd4 26. Rg3 Kf8 27. Re2 Rh4 28. Rf3 Rg4 29. Rxf7+ Kg8 30. Nce4 Rh4 31. Nf6+ Kh8 32. Ree7 1-0

[Event "GER-ch U14"]
[Site "Willingen"]
[Date "2023.06.02"]
[Round "8"]
[White "Dyachuk, Artem"]
[Black "Ermitsch, Magnus"]
[Result "0-1"]
[WhiteElo "2312"]
[BlackElo "2275"]
[PlyCount "96"]
[EventDate "2023.05.27"]
[EventType "swiss"]
[EventRounds "9"]
[EventCountry "GER"]
[SourceTitle "CBM 214 Extra"]
[Source "ChessBase"]
[SourceDate "2023.07.31"]
[SourceVersion "1"]
[SourceVersionDate "2023.07.31"]
[SourceQuality "1"]

1. e4 c5 2. Nf3 e6 3. d4 cxd4 4. Nxd4 Nc6 5. Nc3 Qc7 6. g3 a6 7. Bg2 h5 8. Bg5 Nge7 9. Nb3 Ng6 10. h4 Nce5 11. Qe2 b5 12. 0-0-0 b4 13. Nb1 a5 14. c3 a4 15. Nd4 a3 16. b3 Ba6 17. Qc2 Rc8 18. Bf1 Bxf1 19. Rhxf1 bxc3 20. Ne2 Bb4 21. Rd4 Nc6 22. Rd3 0-0 23. g4 Ba5 24. Rxc3 Bxc3 25. Nbxc3 hxg4 26. h5 Qe5 27. Qd2 f6 28. Be3 Qxh5 29. Qxd7 Qe5 30. Kb1 Rfd8 31. Qb7 f5 32. Bb6 Na5 33. Bxa5 Qxa5 34. b4 Rc7 35. bxa5 Rxb7+ 36. Ka1 Ra7 37. Nb5 Rxa5 38. Ned4 Rd7 39. Rc1 fxe4 40. Rb1 Rb7 41. Rc1 Raxb5 42. Nxb5 Rxb5 43. f3 Re5 44. f4 Nxf4 45. Rb1 g3 46. Rb8+ Kh7 47. Rb5 g2 48. Rb1 Nh3 0-1

[Event "GER-ch U14"]
[Site "Willingen"]
[Date "2023.06.01"]
[Round "7"]
[White "Ermitsch, Magnus"]
[Black "Besou, Hussain"]
[Result "1/2-1/2"]
[WhiteElo "2275"]
[BlackElo "2304"]
[PlyCount "159"]
[EventDate "2023.05.27"]
[EventType "swiss"]
[EventRounds "9"]
[EventCountry "GER"]
[SourceTitle "CBM 214 Extra"]
[Source "ChessBase"]
[SourceDate "2023.07.31"]
[SourceVersion "1"]
[SourceVersionDate "2023.07.31"]
[SourceQuality "1"]

1. e4 e5 2. Nf3 Nc6 3. Nc3 Nf6 4. d4 exd4 5. Nxd4 Bb4 6. Nxc6 bxc6 7. Bd3 d5 8. exd5 cxd5 9. 0-0 0-0 10. h3 h6 11. Qf3 c6 12. Bf4 Bd6 13. Rfe1 Rb8 14. b3 Be6 15. Ne2 c5 16. Rad1 Re8 17. Ng3 Bxf4 18. Qxf4 Rb4 19. c4 Kf8 20. Nf5 Qb8 21. Qd6+ Qxd6 22. Nxd6 Rd8 23. cxd5 Bxd5 24. Nc4 Be6 25. Bf1 Rxd1 26. Rxd1 Nd7 27. Rd6 Bxc4 28. Rxd7 Bxf1 29. Kxf1 a5 30. Ra7 c4 31. bxc4 Rxc4 32. Rxa5 Rc2 33. Ra7 h5 34. h4 g6 35. g3 Kg7 36. Kg2 Kf6 37. a4 Ra2 38. Kf3 Ke5 39. Ra5+ Kf6 40. Ke3 Ra3+ 41. Kf4 Ra2 42. Ra6+ Ke7 43. f3 Ra3 44. g4 Kf8 45. gxh5 gxh5 46. Ke4 Kg7 47. Ra8 Kf6 48. Kf4 Ra1 49. Ra6+ Kg7 50. Kg5 Ra3 51. f4 Rf3 52. a5 Rf1 53. Ra7 Rf2 54. a6 Rf1 55. Rb7 Ra1 56. a7 Ra6 57. Kxh5 Ra5+ 58. Kg4 Kf6 59. h5 Ra1 60. h6 Kg6 61. h7 Kxh7 62. Rxf7+ Kg6 63. Rb7 Ra3 64. Rc7 Kf6 65. Rh7 Kg6 66. Rc7 Kf6 67. Rb7 Kg6 68. f5+ Kf6 69. Rb6+ Kg7 70. Kg5 Rxa7 71. Rg6+ Kf8 72. Rh6 Rb7 73. Kg6 Rg7+ 74. Kf6 Rf7+ 75. Ke5 Re7+ 76. Re6 Kf7 77. Kd6 Ra7 78. Kd5 Ra5+ 79. Ke4 Ra1 80. Kf4 1/2-1/2

[Event "Fagernes op-A"]
[Site "Fagernes"]
[Date "2023.04.04"]
[Round "3"]
[White "Ermitsch, Magnus"]
[Black "Panda, Sambit"]
[Result "1-0"]
[WhiteElo "2277"]
[BlackElo "2452"]
[PlyCount "113"]
[EventDate "2023.04.02"]
[EventType "swiss"]
[EventRounds "9"]
[EventCountry "NOR"]
[SourceTitle "CBM 213 Extra"]
[Source "ChessBase"]
[SourceDate "2023.05.31"]
[SourceVersion "1"]
[SourceVersionDate "2023.05.31"]
[SourceQuality "1"]

1. e4 c6 2. Nf3 d5 3. Nc3 dxe4 4. Nxe4 Nf6 5. Qe2 Nxe4 6. Qxe4 Nd7 7. Bc4 Nf6 8. Ne5 e6 9. Qe2 b5 10. Bd3 Qc7 11. a4 Bd6 12. Nxc6 b4 13. Nd4 a6 14. Nf5 Bb7 15. Nxd6+ Qxd6 16. 0-0 h5 17. Qe3 Rd8 18. Re1 Qc6 19. Qh3 g5 20. Bf1 h4 21. Qf5 Ke7 22. d4 Rdg8 23. Bxg5 Rxg5 24. Qxg5 Rh5 25. Qd2 h3 26. f3 hxg2 27. Bxg2 Qd6 28. f4 Bxg2 29. Qxg2 Qxf4 30. Rf1 Qxd4+ 31. Kh1 Rd5 32. Rf3 Ne4 33. Raf1 f6 34. Rd3 Qe5 35. Qg7+ Kd6 36. Qf8+ Kd7 37. Qf7+ Kc6 38. Qe8+ Kb6 39. a5+ Kxa5 40. Rxd5+ Qxd5 41. Ra1+ Kb6 42. Qb8+ Qb7 43. Qxb7+ Kxb7 44. Ra4 f5 45. Kg2 Kc6 46. Rxb4 Kd5 47. Rxe4 Kxe4 48. h4 Ke3 49. Kf1 e5 50. h5 Kd2 51. h6 e4 52. h7 e3 53. h8Q e2+ 54. Kg2 e1Q 55. Qc3+ Ke2 56. Qxe1+ Kxe1 57. Kf3 1-0

[Event "BL2-Nord 2223"]
[Site "Germany"]
[Date "2022.10.23"]
[Round "2.8"]
[White "Kahlert, Thomas"]
[Black "Ermitsch, Magnus"]
[Result "0-1"]
[WhiteElo "2151"]
[BlackElo "2277"]
[PlyCount "176"]
[EventDate "2022.10.22"]
[EventType "team-tourn"]
[EventRounds "10"]
[EventCountry "GER"]
[SourceTitle "EXT 2024"]
[Source "ChessBase"]
[SourceDate "2023.10.10"]
[SourceVersion "1"]
[SourceVersionDate "2023.10.10"]
[SourceQuality "1"]
[WhiteTeam "St Pauli"]
[BlackTeam "Kiel Turm II"]
[WhiteTeamCountry "GER"]
[BlackTeamCountry "GER"]

1. c4 e5 2. Nc3 Nf6 3. Nf3 Nc6 4. g3 d5 5. cxd5 Nxd5 6. Bg2 Be6 7. 0-0 Be7 8. d4 exd4 9. Nxd4 Nxd4 10. Qxd4 Nxc3 11. Qxc3 0-0 12. Bxb7 Rb8 13. Bf3 Bf6 14. Qc2 Rb4 15. b3 Bxa1 16. Ba3 Rd4 17. Bxf8 Rd2 18. Qb1 Bf6 19. Bc5 Rb2 20. Qe4 Rxa2 21. b4 a5 22. bxa5 Rxa5 23. Qb4 Ra2 24. h4 Rb2 25. Qe4 Bc8 26. Qa4 Bd7 27. Qe4 Bc8 28. Qa4 Bd7 29. Qe4 Qe8 30. Qf4 Be5 31. Qe3 Rb8 32. Rc1 Bb2 33. Rc2 Be5 34. Rd2 Bc6 35. Ra2 Qe6 36. Rc2 Bxf3 37. Qxf3 Qb3 38. Qd3 Qb7 39. Kh2 h5 40. Rc4 g6 41. Re4 Bf6 42. Rb4 Qc8 43. Rf4 Qe6 44. Qf3 Be5 45. Re4 Rb3 46. Re3 Rxe3 47. Qxe3 Qd5 48. Kg1 Bg7 49. Kh2 Bf8 50. Bxf8 Kxf8 51. Qd3 Qc5 52. Kg2 c6 53. e4 Qb4 54. f3 c5 55. Qd6+ Kg8 56. e5 Qb2+ 57. Kg1 Qc1+ 58. Kf2 Qc2+ 59. Kf1 Qc3 60. Kf2 Qc2+ 61. Kf1 Qf5 62. Kf2 c4 63. Qd8+ Kh7 64. Qc7 Qc2+ 65. Kf1 Qd1+ 66. Kf2 Qd2+ 67. Kf1 Qd5 68. Kf2 Kg7 69. Qd6 Qb7 70. e6 Qa7+ 71. Kg2 fxe6 72. Qxe6 Qc7 73. Qe4 c3 74. Qc2 Qc4 75. g4 hxg4 76. fxg4 Qb4 77. Qd3 Qxg4+ 78. Kf1 Qf4+ 79. Ke2 Qd2+ 80. Qxd2 cxd2 81. Kxd2 Kh6 82. Ke3 Kh5 83. Kf3 Kxh4 84. Kg2 Kg4 85. Kh2 Kf3 86. Kh3 g5 87. Kh2 g4 88. Kg1 Kg3 0-1